The irish countryman : an anthropological study

Αποθηκεύτηκε σε:
Λεπτομέρειες βιβλιογραφικής εγγραφής
Κύριος συγγραφέας: Arensberg, Conrad Maynadier
Μορφή: Βιβλίο
Γλώσσα:English
Δημοσίευση: New York, Natural History, 1968.
Σειρά:(American Museum science books)
Θέματα:
Ετικέτες: Προσθήκη ετικέτας
Δεν υπάρχουν, Καταχωρήστε ετικέτα πρώτοι!

MARC

LEADER 00000cam a2200000 a 4500
001 1/121267
008 200428s1968####nyu|||||||||||||| ||eng||
040 |a GR-MyUa  |b gre  |c GR-MyUa  |e AACR2 
041 0 |a eng 
082 7 |a 306.09415   |2 (23) 
100 1 |a Arensberg, Conrad Maynadier. 
245 1 4 |a The irish countryman :   |b an anthropological study /   |c Conrad M. Arensberg.  
260 |a New York,   |b Natural History,   |c 1968.  
300 |a 197 σ. ;   |c 18 εκ.  
490 0 |a (American Museum science books)  
500 |a Originally published in 1937.  
500 |a Published for the American Museum of Natural History.  
651 0 |a Ireland   |x Social life and customs   |y 20th century. 
852 |a INST  |b LESVOS  |e 20200428  |h 306.09415 ARE  |p 005100062491  |q 005100062491  |t BK  |y 0 
920 |a Τράκα   |b Ντιάνα  |y Λέσβος  |z 2014-03 
970 |a Καμάτσου  |b Δέσποινα  |z 28-04-2020